Every City in Uganda - Statistics

General Stats
  • This quiz has been taken 10 times
  • The average score is 24 of 136
Answer Stats
City Population % Correct
K Kampala 1,680,600
86%
A Arua 72,400
43%
M Mbale 111,300
43%
M Mbarara 221,300
43%
B Bombo 29,600
29%
E Entebbe 102,600
29%
F Fort Portal 60,800
29%
G Gulu 177,400
29%
H Hoima 122,700
29%
J Jinja 83,400
29%
K Kasese 115,400
29%
K Kira 462,900
29%
K Kitgum 49,000
29%
K Kitwe 20,100
29%
L Lira 116,500
29%
L Lugazi 128,400
29%
L Luwero 49,100
29%
M Makindye Ssabagabo 413,400
29%
M Masaka 116,600
29%
M Mukono 191,300
29%
N Nansana 532,800
29%
N Njeru 178,800
29%
W Wakiso 87,900
29%
A Abim 24,400
14%
A Adjumani 37,100
14%
A Amudat 15,000
14%
A Anaka 24,000
14%
A Apac 67,700
14%
B Budadiri 19,200
14%
B Budaka 29,100
14%
B Bugembe 45,600
14%
B Bugiri 36,000
14%
B Bugweri 32,900
14%
B Buheesi 16,000
14%
B Buhimba 19,500
14%
B Buikwe 18,500
14%
B Bukomero 16,400
14%
B Bundibugyo 22,300
14%
B Bushenyi-Ishaka 43,700
14%
B Busia 64,900
14%
B Busolwe 16,800
14%
B Butaleja 24,000
14%
B Butemba 18,800
14%
B Butunduzi 17,600
14%
B Buwenge 24,200
14%
B Buyende 29,700
14%
B Bweyale 36,700
14%
D Dokolo 23,700
14%
G Gombe 16,600
14%
H Hima 15,000
14%
I Ibanda 117,700
14%
I Iganga 65,500
14%
I Ishongororo 24,500
14%
I Isingiro 34,300
14%
K Kabale 53,200
14%
K Kabuyanda 20,000
14%
K Kagadi 28,000
14%
K Kajjansi 135,600
14%
K Kakira 35,800
14%
K Kakiri 28,100
14%
K Kakumiro 15,900
14%
K Kaliro 20,500
14%
K Kalisizo 15,200
14%
K Kamuli 67,800
14%
K Kamwenge 23,900
14%
K Kanungu 16,600
14%
K Kapchorwa 51,200
14%
K Kasaali 29,000
14%
K Kasambya 15,700
14%
K Kasangati 207,800
14%
K Kasanje 42,300
14%
K Kassanda 17,000
14%
K Katabi 154,300
14%
K Katooke 18,200
14%
K Kayunga 30,000
14%
K Kazo 15,900
14%
K Kebisoni 15,000
14%
K Kibiito 14,700
14%
K Kiboga 22,400
14%
K Kigumba 22,000
14%
K Kihiihi 21,800
14%
K Kikuube 18,100
14%
K Kinoni 19,400
14%
K Kisiita 20,500
14%
K Kisinga 18,300
14%
K Kisoro 17,700
14%
K Koboko 64,500
14%
K Kotido 75,700
14%
K Kumi 43,500
14%
K Kyamuhunga 15,800
14%
K Kyarusozi 16,300
14%
K Kyazanga 16,000
14%
K Kyegegwa 29,400
14%
K Kyengera 285,400
14%
K Kyenjojo 28,600
14%
L Lukaya 25,600
14%
L Lwengo 15,100
14%
L Lyantonde 16,300
14%
M Magamaga 19,500
14%
M Malaba 20,800
14%
M Manafwa 16,000
14%
M Masindi 110,500
14%
M Masulita 21,300
14%
M Mayuge 20,800
14%
M Mityana 105,200
14%
M Moroto 16,300
14%
M Mpigi 49,500
14%
M Mpondwe/Lhubiriha 58,600
14%
M Mubende 121,600
14%
M Muhorro 27,400
14%
N Nagongera 14,300
14%
N Nakaloke 33,700
14%
N Namayingo 17,300
14%
N Namayumba 22,100
14%
N Namutumba 22,600
14%
N Nebbi 41,400
14%
N Ngora 17,700
14%
N Nkoma 14,400
14%
N Ntungamo 20,900
14%
N Nyahuka 19,600
14%
N Nyamunuka 16,800
14%
O Omoro 23,200
14%
P Pader 14,800
14%
P Paidha 37,500
14%
P Pakwach 28,700
14%
P Pallisa 42,300
14%
R Rubaare 14,900
14%
R Rubanda 22,800
14%
R Rukungiri 37,200
14%
R Rwimi 18,600
14%
S Sheema 86,100
14%
S Sironko 19,300
14%
S Soroti 60,900
14%
T Tororo 48,500
14%
W Wobulenzi 31,000
14%
Y Yumbe 47,600
14%
No matching quizzes found
Score Distribution
Percent of People with Each Score
Percentile by Number Answered
Your Score History
You have not taken this quiz